Normal view
MARC view
Entry Topical Term
001 - CONTROL NUMBER
- control field: 371955
003 - CONTROL NUMBER IDENTIFIER
- control field: OSt
005 - DATE AND TIME OF LATEST TRANSACTION
- control field: 20220927105349.0
008 - FIXED-LENGTH DATA ELEMENTS
- fixed length control field: 220927|| aca||aabn | a|a d
040 ## - CATALOGING SOURCE
- Original cataloging agency: OSt
- Transcribing agency: OSt
150 ## - HEADING--TOPICAL TERM
- Topical term or geographic name entry element: INDIAN MINES
670 ## - SOURCE DATA FOUND
- Source citation: Work cat.: (OSt)692113: "INDIA, MINES (Bureau of )" 371954, Statistical profiles of minerals 2004-05, 2006
